| 000 | 02128nam a2200409 c 4500 | ||
|---|---|---|---|
| 003 | BLK | ||
| 005 | 20230128150158.0 | ||
| 008 | 180409b bul|||||r ||||||| ||bul|| | ||
| 010 | _aKNG00104544000 | ||
| 020 |
_a954-715-147-9 _bиздат.: Варненски свободен унив. Черноризец Храбър |
||
| 040 | _aBLK | ||
| 041 |
_aBUL _cBUL |
||
| 080 |
_aСоциална екология. Социално-икономически аспекти на влиянието на човека върху околната среда. Вж и 316.334.5; 502.3; 711 _b504.03 _x(075.8) _z504.03(075.8) |
||
| 080 |
_aПрирода. Изучаване и опазване на природната среда. Опазване на растителния и животинския свят. Вж и 55/59 _b502 _x(075.8) _z502(075.8) |
||
| 100 | 1 |
_aТомов, Владимир _eпърви автор _gВладимиров, Владимир Томов _9371939 |
|
| 139 |
_aТомов, Владимир _bТ 70 |
||
| 245 | 1 | 0 |
_aИндустриална и екологична сигурност _bУчебник _cВладимир Томов. |
| 257 | _aBGR | ||
| 260 |
_аВарна _bВарненски свободен унив. Черноризец Храбър _c2002 _fСофия : Скала |
||
| 300 |
_a224 с. _bс табл., сх. _c23 см |
||
| 380 | _a5 | ||
| 650 | 4 |
_aЕкология - икономически проблеми - учебници за ВУЗ _9255410 |
|
| 650 | 4 |
_aЕкология _9154468 |
|
| 650 | 4 |
_aОколна среда - замърсяване и опазване _9281518 |
|
| 650 | 4 |
_aПрирода - защита _9244653 |
|
| 650 | 4 |
_aЧовек - връзка с околната среда _9251293 |
|
| 653 | _aекология | ||
| 653 | _aучебници за ВУЗ | ||
| 653 | _aоколна среда | ||
| 653 | _aзамърсяване на околната среда | ||
| 653 | _aопазване на околната среда | ||
| 852 | _aЦб 213340 | ||
| 856 | 4 |
_qpdf _u |
|
| 856 | 4 |
_qpdf _u |
|
| 942 |
_cKNG _n0 _03 |
||
| 944 |
_aCR _c01.01.2002 _kКети_Илиева |
||
| 944 |
_aED _c24.10.2006 _k |
||
| 999 |
_c99536 _d99536 |
||